Régimes totalitaires et autoritaires (notice n° 2016915)

détails MARC
000 -LEADER
fixed length control field 01451cam a2200133 4500500
005 - DATE AND TIME OF LATEST TRANSACTION
control field 20260329064730.0
041 ## - LANGUAGE CODE
Language code of text/sound track or separate title fre
042 ## - AUTHENTICATION CODE
Authentication code dc
100 10 - MAIN ENTRY--PERSONAL NAME
Personal name Linz, Juan J.
Relator term author
245 00 - TITLE STATEMENT
Title Régimes totalitaires et autoritaires
260 ## - PUBLICATION, DISTRIBUTION, ETC.
Name of publisher, distributor, etc. Armand Colin,<br/>
Date of publication, distribution, etc. 2007.<br/>
520 ## - SUMMARY, ETC.
Summary, etc. Les systèmes totalitaires. En quête d'une définition du totalitarisme. Idéologie et totalitarisme. Le parti totalitaire. Le leadership du parti. Les fonctions du parti. L'État et le parti. Le parti en théorie et dans la réalité. Partis communistes et partis fascistes. Excursus sur la terreur. Les dynamiques internes du système totalitaire. Totalitarismes de "gauche" et de "droite". Les critiques et suggestions alternatives sur le concept de totalitarisme. Les conditions menant aux systèmes non démocratiques, en particulier totalitaires. Deux analyses historico-sociologiques : Karl Wittfogle et Barrington Moore Jr. Autorité traditionnelle et gouvernement personnel. L'autorité légitime traditionnelle et semi-traditionnelle. Les régimes sultaniques. Caudillisme et caciquisme. Les régimes autoritaires. Vers une définition des régimes autoritaires. La difficile typologie des régimes autoritaires. Vers une typologie de l'autoritarisme. La typologie difficile. Nouvelles réflexions après un quart de siècle.
856 41 - ELECTRONIC LOCATION AND ACCESS
Uniform Resource Identifier <a href="https://shs.cairn.info/regimes-totalitaires-et-autoritaires--9782200351380?lang=fr&redirect-ssocas=7080">https://shs.cairn.info/regimes-totalitaires-et-autoritaires--9782200351380?lang=fr&redirect-ssocas=7080</a>

Pas d'exemplaire disponible.

PLUDOC

PLUDOC est la plateforme unique et centralisée de gestion des bibliothèques physiques et numériques de Guinée administré par le CEDUST. Elle est la plus grande base de données de ressources documentaires pour les Étudiants, Enseignants chercheurs et Chercheurs de Guinée.

Adresse

627 919 101/664 919 101

25 boulevard du commerce
Kaloum, Conakry, Guinée

Réseaux sociaux

Powered by Netsen Group @ 2025